Begins and Ends: TV Sitcoms Quiz Stats

 Plays Quiz Updated Sep 9, 2017

Score 0/20 Timer 04:00
0 Plays Today
Begins and Ends Sitcom % Correct
W _ _ L    &    G _ _ _ EWill & Grace
93.6%
T _ E    B _ G    B _ _ G    T _ _ _ _ YThe Big Bang Theory
89.5%
I    L _ _ E    L _ _ YI Love Lucy
87.2%
F _ _ _ _ _ SFriends
86.6%
T _ E    W _ _ _ _ R    Y _ _ _ SThe Wonder Years
86%
S _ _ _ _ _ _ DSeinfeld
84%
M _ _ _ _ _ M    I N    T _ E    M _ _ _ _ EMalcolm in the Middle
83.4%
C _ _ B    Y _ _ R    E _ _ _ _ _ _ _ _ MCurb Your Enthusiasm
81.8%
F _ _ _ _ Y    T _ _ SFamily Ties
81.6%
H _ _ _ Y    D _ _ SHappy Days
81.2%
Begins and Ends Sitcom % Correct
M _ _ _ _ N    F _ _ _ _ YModern Family
80%
A _ _ _ _ _ _ D    D _ _ _ _ _ _ _ _ _ TArrested Development
74.7%
P _ _ _ S    A _ D    R _ _ _ _ _ _ _ _ NParks and Recreation
64.1%
T _ E    G _ _ _ _ N    G _ _ _ SThe Golden Girls
60.1%
S _ _ _ _ _ N    V _ _ _ _ YSilicon Valley
60.1%
C _ _ _ _ SCheers
46.4%
T _ E    O _ _ _ _ EThe Office
43.9%
T _ _ _ _ 'S    C _ _ _ _ _ YThree's Company
42.7%
H _ _ E    I _ _ _ _ _ _ _ _ _ THome Improvement
41.4%
G _ _ _ _ _ G    P _ _ _ SGrowing Pains
40.9%

You're not logged in!

Compare scores with friends on all Sporcle quizzes.
OR
Log In

Show Comments

Extras

Top Quizzes Today


Score Distribution

Your Account Isn't Verified!

In order to create a playlist on Sporcle, you need to verify the email address you used during registration. Go to your Sporcle Settings to finish the process.

Report this User

Report this user for behavior that violates our Community Guidelines.

Details: